000 00725nam a2200289Ia 4500
005 20260324113011.0
008 008 260324s9999 xx 000 0 eng d
020 _a9781003543176
037 _aEBOOK
040 _aCRL
040 _beng
040 _cCRL
041 _2eng
041 _aeng
084 _qCRL
100 _aRajeev Pratap Singh; Ibha Suhani; Norli Ismail; Vaibhav Srivastava
_91145016
245 0 _aSolid Waste Management
245 0 _bChallenges and Recent Solutions
260 _bTaylor and Francis
260 _c2024
365 _a
365 _b260
856 _uhttp://www.taylorfrancis.com/books/9781003543176
942 _cEBOOK
999 _c1734428
_d1734428